Disney's Magic Kingdom Rides Quiz Stats

 Plays Quiz not verified by Sporcle

Challenge
Share
Tweet
Embed
Score 0/30 Timer 10:00
0 Plays Today
Land-Type Ride or Show % Correct
Frontierland-RideSplash Mountain
90.1%
Adventureland-RidePirates of the Caribbean
85.1%
Frontierland-RideBig Thunder Mountain Railroad
82.2%
Adventureland-RideJungle Cruise
79.7%
Liberty Square-RideThe Haunted Mansion
79.7%
Adventureland-RideMagic Carpets of Aladdin
77.2%
Tomorrowland-RideSpace Mountain
76.2%
Adventureland-Show The Enchanted Tiki Room
73.8%
Liberty Square-ShowThe Hall of Presidents
72.3%
Frontierland-ShowCountry Bear Jamboree
71.8%
Fantasyland-RidePeter Pan's Flight
70.3%
Fantasyland-RideDumbo the Flying Elephant
68.3%
New Fantasyland-RideDumbo the Flying Elephant
68.3%
Fantasyland-DiversionCinderella's Golden Carousel
65.8%
Fantasyland-RideThe Many Adventures of Winnie the Pooh
63.9%
Land-Type Ride or Show % Correct
Tomorrowland-RideBuzz Lightyear's Space Ranger Spin
62.4%
Tomorrowland-ShowStitch's Great Escape
59.4%
Tomorrowland-ShowWalt Disney's Carousel of Progress
56.4%
Tomorrowland-RideAstro Orbiter
55%
Frontierland-DiversionTom Sawyer Island and Fort Langhorne
53.5%
Fantasyland-ShowMickey's Philharmagic
52.5%
Liberty Square-DiversionLiberty Belle Riverboat
51%
Fantasyland-RideMad Tea Party
50%
Tomorrowland-RideTomorrowland Indy Speedway
48.5%
Fantasyland-RideSnow White's Scary Adventures
44.6%
New Fantasyland-RideGoofy's Barnstormer at Wiseacre Farms
42.6%
Frontierland-DiversionFrontierland Shootin' Arcade
41.1%
Tomorrowland-ShowThe Laugh Floor Comedy Club
31.7%
Fantasyland-DiversionAriel's Grotto
24.3%
Fantasyland-DiversionPooh's Playful Spot
11.9%

You're not logged in!

Compare scores with friends on all Sporcle quizzes.
Join for Free
OR
Log In

You Might Also Like...

Show Comments

Extras

Top Quizzes Today


Score Distribution

Your Account Isn't Verified!

In order to create a playlist on Sporcle, you need to verify the email address you used during registration. Go to your Sporcle Settings to finish the process.

Report this User

Report this user for behavior that violates our Community Guidelines.

Details: